[Event "Desafio"]
[Site "http://www.queenalice.com/game.php?id=1050492"]
[Date "2012.4.19"]
[Round "-"]
[White "Knightequila"]
[Black "brannach"]
[Result "1-0"]
[WhiteElo "2069"]
[BlackElo "2130"]

1. Nf3 Nf6 2. b3 d5 3. Bb2 Bg4 4. e3 Nbd7 5. Be2 e6 6. O-O Be7 7. d4 Ne4 8. Nbd2
Ndf6 9. Ne5 Bxe2 10. Qxe2 Nxd2 11. Qxd2 Ne4 12. Qe2 O-O 13. f3 Nf6 14. e4 dxe4
15. fxe4 Nd7 16. Nd3 f6 17. Nf4 Qc8 18. Nxe6 Rf7 19. Rf3 Ne5 20. dxe5 Qxe6 21.
Raf1 Raf8 22. exf6 Bxf6 23. Bxf6 Rxf6 24. Rxf6 gxf6 25. Qf3 Qc6 26. e5 Qxf3 27.
Rxf3 fxe5 28. Rxf8+ Kxf8 29. Kf2 Kf7 30. Kf3 Kf6 31. Ke4 a5 32. c4 h5 33. g3 1-0

[Event "Challenge"]
[Site "http://www.queenalice.com/game.php?id=1051276"]
[Date "2012.4.21"]
[Round "-"]
[White "TMG"]
[Black "brannach"]
[Result "0-1"]
[WhiteElo "2205"]
[BlackElo "2127"]

1. e4 d5 2. exd5 Nf6 3. d4 Qxd5 4. Nc3 Qe6+ 5. Be2 Qb6 6. Nf3 e6 7. O-O Be7 8.
Ne5 O-O 9. Nc4 Qc6 10. Ne5 Qb6 11. Nc4 Qc6 12. Qd3 Nd5 13. Bf3 Rd8 14. Ne3 Nb4
15. Qe2 Qa6 16. Rd1 Qxe2 17. Nxe2 c5 18. c3 cxd4 19. Nxd4 N8c6 20. Nxc6 Nxc6 21.
Rxd8+ Nxd8 22. Nc4 Bd7 23. Na5 Nc6 24. Nxb7 Rb8 25. Bxc6 Bxc6 26. Na5 Bd5 27.
Nb3 Bc4 28. Nd4 Rc8 29. Be3 a6 30. b3 Bd3 31. c4 e5 32. Nf3 f6 33. Rd1 Bf5 34.
h3 Kf8 35. Kf1 Bc2 36. Rc1 Bd3+ 37. Kg1 Bb4 38. Ne1 Bg6 39. Rd1 Ke7 40. Kf1 Rd8
41. Rxd8 Kxd8 42. Ke2 Bb1 43. Bd2 Bc5 44. b4 Bd4 45. a4 Ba7 46. Be3 Bb8 47. b5
Ba2 48. Kd3 Bc7 49. b6 Bd6 50. Kc3 a5 0-1

[Event "Challenge"]
[Site "http://www.queenalice.com/game.php?id=1052401"]
[Date "2012.4.25"]
[Round "-"]
[White "Knight1"]
[Black "brannach"]
[Result "0-1"]
[WhiteElo "2059"]
[BlackElo "2146"]

1. e4 Nc6 2. d4 e5 3. dxe5 Nxe5 4. Nc3 Bc5 5. Be2 Nf6 6. f4 Nc6 7. e5 Ng8 8. Nf3
Nge7 9. Na4 d6 10. c3 a6 11. Nxc5 dxc5 12. Qxd8+ Nxd8 13. O-O Bf5 14. Nh4 Be4
15. f5 Ndc6 16. Bg5 Nd5 17. Rae1 h6 18. Bc1 Bb1 19. e6 Bxa2 20. Bh5 O-O-O 21.
Bxf7 Bc4 22. Rf3 Nde7 23. Ng6 Nxg6 24. fxg6 Ne7 25. Bf4 Rd5 26. Be5 Rxe5 27.
Rxe5 Rd8 28. Rf4 Rd1+ 29. Kf2 Bb5 30. c4 Ba4 31. Re1 Rd6 32. Re3 Rd2+ 33. Re2
Rd6 34. g3 Kd8 35. Kg1 Rd4 36. h4 b6 37. Re3 Bc2 38. Rf2 Be4 39. h5 Bc6 40. b3
Kc8 41. Kf1 Rd1+ 42. Ke2 Rb1 43. Bg8 Rb2+ 44. Ke1 Rxf2 45. Kxf2 Nxg8 46. g4 Kd8
47. Kg3 Ke7 48. Kf4 Bb7 49. Re1 a5 50. Re2 Nf6 51. Re5 Bc8 52. Kf5 Ne8 53. g5
hxg5 0-1

[Event "Challenge"]
[Site "http://www.queenalice.com/game.php?id=1083120"]
[Date "2012.7.15"]
[Round "-"]
[White "brannach"]
[Black "ricma"]
[Result "1-0"]
[WhiteElo "2134"]
[BlackElo "2126"]

1. Nf3 d5 2. g3 g6 3. Bg2 Bg7 4. d4 c5 5. dxc5 Qa5+ 6. Nc3 Bxc3+ 7. bxc3 Qxc3+
8. Bd2 Qxc5 9. O-O Nc6 10. Be3 Qd6 11. c4 Nf6 12. Nd4 O-O 13. Nb5 Qd8 14. cxd5
Nb4 15. d6 exd6 16. Nxd6 Qe7 17. Bc5 Na6 18. Ba3 Rd8 19. Nxc8 Qc7 20. Ne7+ Kh8
21. Qb3 1-0

[Event "Challenge"]
[Site "http://www.queenalice.com/game.php?id=1095043"]
[Date "2012.8.20"]
[Round "-"]
[White "hba111"]
[Black "brannach"]
[Result "1-0"]
[WhiteElo "2243"]
[BlackElo "2136"]

1. Nf3 d5 2. c4 dxc4 3. Na3 a6 4. Nxc4 b5 5. Ne3 Bb7 6. g3 Bxf3 7. exf3 c5 8. a4
Nd7 9. axb5 axb5 10. Rxa8 Qxa8 11. Bxb5 Nf6 12. O-O e6 13. Nc4 Be7 14. Ne5 Bd6
15. f4 Qb7 16. Qa4 Ke7 17. Nc6+ Kf8 18. d4 Nd5 19. Nd8 Qc7 20. dxc5 Nxc5 21. Qa8
Qb8 22. Qxb8 Bxb8 23. Nc6 Bc7 24. b4 Ne4 25. Bd3 f5 26. Re1 Kf7 27. Bxe4 fxe4
28. Rxe4 Ra8 29. Bb2 Ra2 30. Re2 Bd6 31. Nd8+ Ke7 32. Nb7 Nxb4 33. Nxd6 Kxd6 34.
Be5+ Kd5 35. Rxa2 Nxa2 36. Bxg7 Ke4 37. Kg2 Nb4 38. Bh6 Nc2 39. f3+ Kd5 40. g4
Kc4 41. f5 exf5 42. gxf5 Kd5 43. Kg3 Ke5 44. Kg4 Kf6 45. Bd2 Kf7 46. Bc3 Ne3+
47. Kg5 Nd5 48. Bd4 Nb4 49. h4 Nc2 50. Bc3 1-0

[Event "Challenge"]
[Site "http://www.queenalice.com/game.php?id=1102836"]
[Date "2012.9.14"]
[Round "-"]
[White "brannach"]
[Black "cardosorafael"]
[Result "1-0"]
[WhiteElo "2141"]
[BlackElo "2031"]

1. g3 e5 2. Bg2 d5 3. d3 Nf6 4. Nf3 Nbd7 5. c4 Bb4+ 6. Bd2 Bxd2+ 7. Nbxd2 O-O 8.
cxd5 Nxd5 9. Qb3 c6 10. O-O Re8 11. Rfc1 N7b6 12. e4 Nf6 13. a4 Qc7 14. a5 Nbd7
15. Qc3 Nf8 16. a6 bxa6 17. Qxc6 Qxc6 18. Rxc6 Bb7 19. Rc3 Ng6 20. Nc4 Rac8 21.
Ra5 Nd7 22. Nd6 Rxc3 23. bxc3 Rb8 24. Bh3 Nb6 25. Nxe5 Nxe5 26. Rxe5 Kf8 27. Rc5
Ke7 28. e5 Kf8 29. f4 Bd5 30. Rc7 Na4 31. c4 Rb1+ 32. Kf2 Rb2+ 33. Ke1 Rxh2 34.
Rc8+ Ke7 35. Re8# 1-0

[Event "Uia"]
[Site "http://www.queenalice.com/game.php?id=1115840"]
[Date "2012.10.25"]
[Round "-"]
[White "chicobarretov"]
[Black "brannach"]
[Result "0-1"]
[WhiteElo "1923"]
[BlackElo "2141"]

1. e4 e6 2. d4 d5 3. exd5 exd5 4. Nc3 Nf6 5. Bg5 Be7 6. Nf3 O-O 7. Bd3 Be6 8. h3
c5 9. dxc5 Bxc5 10. O-O Nc6 11. Ne2 h6 12. Bf4 Qb6 13. b3 Ne4 14. Bxe4 dxe4 15.
Ne1 g5 16. Bg3 Rad8 17. Qc1 f5 18. b4 Qxb4 19. Kh2 Bc4 20. c3 Qa4 21. h4 Bxe2
22. hxg5 Bxf1 23. gxh6 f4 24. Bh4 Rd6 25. Bg5 Rg6 0-1

[Event "Challenge"]
[Site "http://www.queenalice.com/game.php?id=1124335"]
[Date "2012.11.21"]
[Round "-"]
[White "lincolnmarley"]
[Black "brannach"]
[Result "0-1"]
[WhiteElo "1638"]
[BlackElo "2150"]

1. e4 d6 2. d4 Nf6 3. Nc3 g6 4. Be2 Bg7 5. Nf3 O-O 6. h3 c6 7. O-O Qc7 8. Be3
Nbd7 9. Qd2 b5 10. a3 a6 11. b4 Bb7 12. Bd3 c5 13. bxc5 dxc5 14. d5 e6 15. Rab1
exd5 16. exd5 Nxd5 17. Nxd5 Bxd5 18. Bh6 Bxf3 19. Bxg7 Kxg7 20. gxf3 Rad8 21.
Rbe1 Nf6 22. Re2 c4 23. Be4 Rxd2 0-1

[Event "Challenge"]
[Site "http://www.queenalice.com/game.php?id=1124336"]
[Date "2012.11.21"]
[Round "-"]
[White "brannach"]
[Black "lincolnmarley"]
[Result "1-0"]
[WhiteElo "2140"]
[BlackElo "1590"]

1. Nf3 Nf6 2. g3 g6 3. Bg2 Bg7 4. O-O O-O 5. c4 c5 6. Nc3 d6 7. d4 cxd4 8. Nxd4
Qb6 9. Be3 Qxb2 10. Qd3 Qa3 11. Nd5 Qxd3 12. Nxe7+ Kh8 13. exd3 1-0

[Event "Revanche (brannach 1x0 cardoso)"]
[Site "http://www.queenalice.com/game.php?id=1143888"]
[Date "2013.1.22"]
[Round "-"]
[White "cardosorafael"]
[Black "brannach"]
[Result "0-1"]
[WhiteElo "1961"]
[BlackElo "2191"]

1. e4 d5 2. exd5 Nf6 3. Nc3 Nxd5 4. Nxd5 Qxd5 5. d4 Nc6 6. Be3 Bf5 7. c4 Qe4 8.
Nf3 e5 9. Be2 exd4 10. Nxd4 O-O-O 11. Bf3 Bb4+ 12. Kf1 Rxd4 13. Bxd4 Qxd4 14.
Bxc6 Qxc4+ 15. Kg1 Qxc6 16. Qb3 Bc5 17. Qxf7 Bxf2+ 18. Kf1 Bc5 19. Qxf5+ Kd8 20.
Rd1+ Bd6 21. Qg5+ Kc8 22. Qxg7 Rf8+ 23. Ke2 Qc4+ 24. Rd3 Qc2+ 25. Rd2 Re8+ 0-1

[Event "AUTO-MASTER-1841"]
[Site "http://www.queenalice.com/game.php?id=1163669"]
[Date "2013.3.22"]
[Round "1"]
[White "chopinou"]
[Black "brannach"]
[Result "0-1"]
[WhiteElo "2094"]
[BlackElo "2151"]

1. e4 e5 2. Nf3 d5 3. d4 dxe4 4. Nxe5 Nd7 5. Be2 Nxe5 6. dxe5 Qxd1+ 7. Bxd1 Bf5
8. O-O Ne7 9. f4 Nd5 10. Re1 Bb4 11. c3 Bc5+ 12. Kh1 Bf2 13. Rf1 e3 14. Be2
O-O-O 15. Na3 Nb6 16. c4 Bd3 17. Bxd3 Rxd3 18. g3 e2 19. Bd2 exf1=Q+ 0-1

[Event "AUTO-MASTER-1841"]
[Site "http://www.queenalice.com/game.php?id=1163670"]
[Date "2013.3.22"]
[Round "1"]
[White "brannach"]
[Black "chopinou"]
[Result "1-0"]
[WhiteElo "2161"]
[BlackElo "2043"]

1. e4 e6 2. d4 d5 3. Nc3 Nf6 4. e5 Nfd7 5. f4 c5 6. Nf3 Nc6 7. Be3 a6 8. dxc5
Bxc5 9. Bxc5 Nxc5 10. Bd3 Nxd3+ 11. Qxd3 Bd7 12. O-O-O h6 13. f5 exf5 14. Nxd5
O-O 15. Qe3 Re8 16. Nb6 f4 17. Qc5 Re7 18. Rd6 Qe8 19. Nxa8 Qxa8 20. Rxc6 Bxc6
21. Qxe7 Qa7 22. Kb1 Qf2 23. e6 fxe6 24. Qxe6+ Kh8 25. Rd1 Qxg2 26. Rd8+ Kh7 27.
Qg8+ 1-0

[Event "AUTO-MASTER-1841"]
[Site "http://www.queenalice.com/game.php?id=1163685"]
[Date "2013.3.22"]
[Round "1"]
[White "Guilherme_Ottoni"]
[Black "brannach"]
[Result "0-1"]
[WhiteElo "2027"]
[BlackElo "2196"]

1. e4 d5 2. exd5 Qxd5 3. Nc3 Qa5 4. d4 Nf6 5. Bc4 c6 6. Bd2 Bf5 7. Nf3 e6 8. Nd5
Qd8 9. Nxf6+ Qxf6 10. c3 Nd7 11. O-O h6 12. Bf4 Bg4 13. Bg3 Bxf3 14. Qxf3 Qxf3
15. gxf3 O-O-O 16. Bd3 Nf6 17. f4 g6 18. Rad1 Nd5 19. Kg2 h5 20. h4 Bd6 21. Kf3
Bc7 22. Rfe1 Ne7 23. Bc2 b6 24. a3 Kb7 25. Be4 a5 26. Bd3 a4 27. Bc2 Ra8 28. Ra1
Rhd8 29. Red1 Rd7 30. Rd2 b5 31. Re2 Nf5 32. Bxf5 gxf5 33. Rd1 c5 34. Red2 Rad8
35. Ke3 cxd4+ 36. Rxd4 Bb6 37. f3 f6 38. Bf2 e5 39. fxe5 fxe5 0-1

[Event "AUTO-MASTER-1841"]
[Site "http://www.queenalice.com/game.php?id=1163686"]
[Date "2013.3.22"]
[Round "1"]
[White "brannach"]
[Black "Guilherme_Ottoni"]
[Result "1-0"]
[WhiteElo "2183"]
[BlackElo "2054"]

1. d4 Nf6 2. e3 g6 3. Nf3 Bg7 4. c4 c5 5. Nc3 O-O 6. Be2 cxd4 7. exd4 d5 8. cxd5
Nxd5 9. Qb3 Nb6 10. d5 Bxc3+ 11. bxc3 Qxd5 12. c4 Qc5 13. O-O Be6 14. Be3 Qc7
15. Ng5 Bxc4 16. Bxb6 Bxb3 17. Bxc7 Bd5 18. Rfd1 e6 19. f3 f6 20. Ne4 Rf7 21.
Bg3 Nc6 22. Nc3 Rd8 23. Nxd5 exd5 24. Bb5 Ne5 25. Bxe5 fxe5 26. Bc4 Rfd7 27.
Rxd5 Rxd5 28. Rd1 Kg7 29. Rxd5 Rxd5 30. Bxd5 b6 31. Kf2 Kf6 32. Ke3 h5 33. Bc4
Kf5 34. h4 g5 35. g3 g4 36. Bd3+ Kf6 37. fxg4 hxg4 38. Ke4 1-0

[Event "AUTO-MASTER-1841"]
[Site "http://www.queenalice.com/game.php?id=1163695"]
[Date "2013.3.22"]
[Round "1"]
[White "Rusty"]
[Black "brannach"]
[Result "1-0"]
[WhiteElo "2425"]
[BlackElo "2184"]

1. d4 d5 2. Nf3 e6 3. e3 Nc6 4. c4 Nf6 5. Nc3 Bb4 6. Bd3 O-O 7. Qc2 Bd6 8. a3
dxc4 9. Bxc4 e5 10. d5 Ne7 11. e4 c6 12. dxc6 Nxc6 13. Qd3 Bg4 14. Bg5 Be7 15.
Rd1 Rc8 16. Be3 Qc7 17. O-O Bxf3 18. gxf3 Nd4 19. Nd5 Nxf3+ 20. Kg2 Nh4+ 21. Kh1
Nxd5 22. Bxd5 Bc5 23. Rc1 Qb6 24. b4 Bxe3 25. Rxc8 Rxc8 26. fxe3 h6 27. Rxf7 Kh7
28. Rf1 Qg6 29. Qe2 Rc3 30. Rg1 Qf6 31. Bxb7 Rxa3 32. Bd5 Qf3+ 33. Qxf3 Nxf3 34.
Rc1 Rxe3 35. Kg2 Nh4+ 36. Kf2 Rf3+ 37. Ke2 Ra3 38. Rc7 Nf3 39. Re7 h5 40. h4
Nxh4 41. Rxe5 Kh6 42. Kf2 Nf3 43. Re8 Ng5 44. Rh8+ Kg6 45. Ke2 Nh3 46. Kd2 Nf4
47. Bc4 Kf6 48. b5 g5 49. Ra8 Ra5 50. Kc3 Ng6 51. Kb4 Ra1 52. Bb3 Ne7 53. Rf8+
Ke5 54. Re8 Kf6 55. e5+ Kxe5 56. Rxe7+ Kf6 57. Rh7 h4 58. Ba4 Rb1+ 59. Kc3 Rc1+
60. Bc2 Ra1 61. Kd4 Ra2 62. Rh6+ Kf7 63. Bb3+ Kg7 64. Bxa2 Kxh6 65. Be6 Kh5 66.
Ke4 1-0

[Event "AUTO-MASTER-1841"]
[Site "http://www.queenalice.com/game.php?id=1163696"]
[Date "2013.3.22"]
[Round "1"]
[White "brannach"]
[Black "Rusty"]
[Result "0-1"]
[WhiteElo "2203"]
[BlackElo "2413"]

1. Nf3 Nf6 2. b3 d5 3. Bb2 c5 4. e3 Bg4 5. Bb5+ Nc6 6. Bxc6+ bxc6 7. d3 e6 8.
Nbd2 Bh5 9. c4 Bd6 10. Qc2 O-O 11. Be5 Ng4 12. O-O Nxe5 13. Nxe5 Bxe5 14. Rac1
Bd6 15. f4 g5 16. g3 gxf4 17. exf4 Qf6 18. Nf3 Bxf3 19. Rxf3 d4 20. Rcf1 Kh8 21.
Qg2 Rac8 22. f5 e5 23. Re1 Rg8 24. Re4 Rce8 25. Kh1 Rg5 26. Qh3 h6 27. Re2 Bc7
28. Qh4 Kh7 29. Rff2 e4 30. Rxe4 Re5 31. Rxe5 Qxe5 32. Qh3 Qe1+ 33. Qf1 Qxf1+
34. Rxf1 Kg7 35. Kg2 Kf6 36. Re1 Rxf5 37. Re8 Re5 38. Rc8 Re7 39. a3 Ke5 40. Rh8
Re6 41. Rh7 Rf6 42. Rh8 a5 43. Rc8 Kd6 44. Re8 Re6 45. Rxe6+ Kxe6 46. Kf2 Kf5
47. Kf3 Bd6 48. Kg2 h5 49. Kf3 Kg5 50. h3 Bc7 51. Kf2 f5 52. Kg2 h4 0-1

[Event "Challenge"]
[Site "http://www.queenalice.com/game.php?id=1168964"]
[Date "2013.4.6"]
[Round "-"]
[White "tallos"]
[Black "brannach"]
[Result "0-1"]
[WhiteElo "1998"]
[BlackElo "2176"]

1. e4 d5 2. exd5 Nf6 3. d4 Nxd5 4. Nf3 Nc6 5. c4 Nb6 6. d5 Na5 7. Bd2 Naxc4 8.
Bxc4 Nxc4 9. Qa4+ c6 10. Qxc4 cxd5 11. Qb5+ Qd7 12. Nc3 e6 13. Ne5 Qxb5 14. Nxb5
f6 15. Nf3 Kd8 16. Rc1 Bd7 17. a4 e5 18. O-O Bc6 19. Rfd1 d4 20. Ba5+ Ke7 21.
Ne1 Kd7 22. b3 a6 23. Nc3 Ba3 24. Rc2 Be7 25. Ne2 Rhc8 0-1

[Event "Challenge"]
[Site "http://www.queenalice.com/game.php?id=1168965"]
[Date "2013.4.6"]
[Round "-"]
[White "brannach"]
[Black "tallos"]
[Result "1-0"]
[WhiteElo "2169"]
[BlackElo "2008"]

1. e4 g6 2. d4 Bg7 3. Nf3 c6 4. Nc3 d5 5. Bd3 Bg4 6. Be3 e6 7. exd5 cxd5 8. h3
Bxf3 9. Qxf3 Nc6 10. O-O Nxd4 11. Qf4 Nc6 12. Bc5 Nge7 13. Rfe1 O-O 14. Rad1 Re8
15. Nb5 1-0

[Event "(brannach 2x0 cardoso)"]
[Site "http://www.queenalice.com/game.php?id=1181099"]
[Date "2013.5.13"]
[Round "-"]
[White "brannach"]
[Black "cardosorafael"]
[Result "1-0"]
[WhiteElo "2179"]
[BlackElo "1956"]

1. Nf3 Nf6 2. g3 e6 3. Bg2 d5 4. O-O Be7 5. d4 O-O 6. b3 b6 7. c4 Bb7 8. cxd5
exd5 9. Nc3 Nc6 10. Bf4 Re8 11. a3 Qd7 12. Ne5 Qe6 13. Nb5 Bd8 14. Nxc6 Bxc6 15.
Nxc7 Bxc7 16. Bxc7 Qxe2 17. Be5 Qxd1 18. Rfxd1 Nd7 19. Rac1 Rac8 20. Bh3 g6 21.
Rxc6 Rxc6 22. Bxd7 Rxe5 23. Bxc6 1-0

[Event "Challenge"]
[Site "http://www.queenalice.com/game.php?id=1207890"]
[Date "2013.8.14"]
[Round "-"]
[White "brannach"]
[Black "jeancarlo1910"]
[Result "0-1"]
[WhiteElo "2184"]
[BlackElo "2085"]

1. Nf3 d5 2. g3 Nf6 3. Bg2 Nc6 4. d4 Bg4 5. Nc3 e6 6. Bg5 Be7 7. O-O a6 8. h3
Bxf3 9. Bxf3 h6 10. Bf4 Bd6 11. Qd2 Bxf4 12. Qxf4 O-O 13. Rfd1 Ne7 14. e4 Ng6
15. Qe3 c6 16. Bg2 b5 17. a3 Qc7 18. e5 Nh7 19. f4 Rae8 20. Na2 f5 0-1

[Event "(brannach 3x0 cardoso)"]
[Site "http://www.queenalice.com/game.php?id=1209957"]
[Date "2013.8.20"]
[Round "-"]
[White "cardosorafael"]
[Black "brannach"]
[Result "0-1"]
[WhiteElo "1875"]
[BlackElo "2169"]

1. e4 d6 2. d4 Nd7 3. Nf3 e6 4. Be2 d5 5. exd5 exd5 6. O-O Ngf6 7. Nc3 Bd6 8.
Re1 O-O 9. Bg5 h6 10. Be3 c6 11. Bd3 Re8 12. Qd2 Ne4 13. Bxe4 dxe4 14. Ne5 Nxe5
15. dxe5 Rxe5 16. Bf4 e3 17. Rxe3 Rxe3 18. Bxe3 Bf5 19. Rd1 Bc7 20. Qe2 Qe7 21.
Qf3 Bxc2 22. Rd2 Bg6 23. Re2 Qd7 24. Rd2 Qe6 25. Re2 Rd8 26. Bf4 Qxa2 27. Rd2
Qa1+ 28. Rd1 Rxd1+ 29. Nxd1 Bxf4 30. g3 Be5 31. Kg2 Bxb2 0-1

[Event "(brannach 4x0 cardoso)"]
[Site "http://www.queenalice.com/game.php?id=1273702"]
[Date "2014.4.17"]
[Round "-"]
[White "brannach"]
[Black "cardosorafael"]
[Result "1/2-1/2"]
[WhiteElo "2172"]
[BlackElo "1902"]

1. e4 e5 2. Nf3 Nc6 3. d4 exd4 4. Nxd4 Nxd4 5. Qxd4 Qf6 6. e5 Qc6 7. Bc4 Bc5 8.
Qf4 Qg6 9. Bxf7+ Qxf7 10. Qxf7+ Kxf7 11. Be3 Bb6 12. Bxb6 axb6 13. O-O Ne7 14.
f4 d5 15. exd6 cxd6 16. Nc3 Be6 17. f5 Bd7 18. Rad1 d5 19. g4 Bc6 20. Rd4 Rhe8
21. a4 Kg8 22. h3 Rad8 23. b3 h6 24. b4 Bxa4 25. Nxa4 1/2-1/2